Echelle de mots : de fleur à rose - Statistiques

Statistiques générales
  • Ce quiz a été pris 451 fois
  • Le résultat moyen est 17 sur 20
Statistiques - réponses
Hint Réponse % Correct
Plante colorée et odorante fleur
98%
Contraire de nuit jour
97%
Emotion positive joie
96%
On y fait des bisous joue
96%
Crainte, insécurité (enlever une lettre) peur
94%
Larme pleur
93%
Contraire de femelle male
91%
je suis .... quelque chose pour
89%
Couleur, type de fleur rose
87%
Pas très coloré pale
85%
Il y n a un au sud et au nord pôle
85%
Mousse à ......r rase
85%
Prendre quelque chose qui n'est pas à nous (enlever une lettre) vole
85%
Peu commun rare
83%
Plat aimé par les enfants pâte
82%
Il y en a souvent plusieurs sur la route voie
82%
Il y en a souvent sur les bateaux (ajouter une lettre) voile
80%
Petit plan d'eau mare
77%
Unité de quantité de matière môle
77%
Pas brillant mate
73%
Aucun quiz correspondant
Distribution des résultats
% des personnes avec chaque résultat
Percentile par nombre de réponses
Votre historique - résultats
Vous n’avez pas pris ce quiz